Geography Quiz

Random Geography or Color Quiz

Wrong Color Flags II Quiz Stats

 Plays Quiz Updated Jul 2, 2018

Score 0/36 Timer 07:00
1 Play Today
Country % Correct
Brazil
96.5%
Bangladesh
90.5%
United Kingdom
89.4%
China
83.6%
Kenya
75.6%
Saudi Arabia
75.2%
Greece
73.6%
Spain
72%
Iran
71.2%
Lebanon
69.8%
Portugal
65.8%
Cambodia
65.4%
Cuba
63.6%
Bhutan
62.6%
Uruguay
62.6%
Qatar
60.9%
Jamaica
59.6%
Argentina
57.7%
Country % Correct
Panama
56.7%
Angola
54.1%
eSwatini
52.3%
Mongolia
50.6%
Ecuador
49.3%
Ethiopia
47%
Zimbabwe
46.9%
Honduras
45.4%
Dominica
45.3%
Oman
42.2%
Azerbaijan
39.4%
Dem. Rep. of Congo
38.6%
Guyana
38.3%
Somalia
38%
Malawi
37.8%
Cabo Verde
35.8%
Namibia
33.6%
Burkina Faso
33.3%

You're not logged in!

Compare scores with friends on all Sporcle quizzes.
OR
Log In

Sporcle TV

Today on Sporcle TV


Watch our educational content, quiz creation guides, and fun videos on Sporcle TV.

Show Comments

Extras

Top Quizzes Today


Score Distribution

Your Account Isn't Verified!

In order to create a playlist on Sporcle, you need to verify the email address you used during registration. Go to your Sporcle Settings to finish the process.

Report this User

Report this user for behavior that violates our Community Guidelines.

Details: